000 00764nam a22002177a 4500
005 20250619144053.0
010 _aDEC24SC ENG-142971 ENG-145472
020 _a9789364688635
_c700.00
035 _aEN-126503
035 _aEN-129004
037 _bDBAD
082 _a000
_21
100 _aVikramjeet Sir
_982148
245 _aReasoning Guru 2.0 Verbal & Non-Verbal Reasoning/
_cBy Vikramjeet Sir
250 _a1
260 _aNew Delhi
_bS Chand and Company Limited
_c2025
270 _a A-27, 2nd Floor, Mohan Co-operative Industrial Estate
_bNew Delhi
_e110044
_minfo@schandpublishing.com
_k011-49731800
300 _a736p.
_c26cm(pb)
500 _aWith Latest TCS MCQs | 6500+ PYQs | Bilingual Edition 2025
942 _2ddc
_cEN
_h000
_mVIK
_e1
999 _c207610
_d207610